Movies Quiz

Random Movies or Letter Quiz

57 'H' Movies Quiz Stats

 Plays Quiz Updated Apr 23, 2014

Also try: 57 'I' Movies
Challenge
Share
Tweet
Embed
Score 0/57 Timer 14:00
3 Plays Today
Year & Genre(s) Movie % Correct
1991: FamilyHook
91.5%
2001: ThrillerHannibal
89.4%
2007: MusicalHairspray
88.2%
1997: AnimatedHercules
82.4%
2009: ComedyThe Hangover
81.8%
2008: SuperheroHancock
79.3%
1990: FamilyHome Alone
77.8%
2005: ComedyHitch
76.6%
2006: AnimatedHappy Feet
73.2%
1989: Adventure/FamilyHoney, I Shrunk the Kids
69.1%
1996: ComedyHappy Gilmore
64.6%
2004: Drama/WarHotel Rwanda
64.1%
1995: CrimeHeat
59.3%
1978: HorrrorHalloween
55.3%
1986: ActionHighlander
52.1%
1990: ActionThe Hunt for Red October
51.9%
2008: WarThe Hurt Locker
50.2%
1993: FamilyHomeward Bound
48.9%
1986: SportsHoosiers
47.9%
1961: Drama/RomanceThe Hustler
47.3%
2007: ComedyHot Fuzz
47.2%
2004: SuperheroHellboy
46.9%
1993: FamilyHocus Pocus
46.7%
1991: SpoofHot Shots!
45.7%
2003: SuperheroHulk
43.8%
1987: HorrorHellraiser
43.3%
1952: WesternHigh Noon
43.1%
1994: DocumentaryHoop Dreams
42.4%
2000: RomanceHigh Fidelity
41.2%
Year & Genre(s) Movie % Correct
1999: PrisonThe Hurricane
40.8%
1950: FantasyHarvey
38.2%
2000: HorrorHollow Man
37.7%
1989: SchoolHeathers
37.1%
2008: HorrorThe Happening
36.8%
2001: FantasyHarry Potter and the Sorcerer's Stone
36%
1964: MusicA Hard Day's Night
35.5%
2005: CrimeA History of Violence
33.6%
2002: DramaThe Hours
33.2%
2005: HorrorHostel
31.6%
1968: WesternHang 'Em High
26.4%
1941: DramaHow Green Was My Valley
25.1%
1989: WarHenry V
24.5%
1987: WarHamburger Hill
23.7%
1959/99: HorrorHouse on Haunted Hill
22.4%
1991: ActionHudson Hawk
20.6%
1977: HorrorThe Hills Have Eyes
19.8%
2003: DramaHouse of Sand and Fog
19.5%
1981: ComedyHistory of the World: Part I
18.2%
1986: WarHeartbreak Ridge
17%
1962: WesternHow the West Was Won
16.7%
1994: FantasyHeavenly Creatures
13.5%
2009: RomanceHe's Just Not That Into You
12.3%
1940: ScrewballHis Girl Friday
10.9%
1992: DramaHusbands and Wives
6.8%
1941: GangsterHigh Sierra
5%
1987: WarHope and Glory
4.3%
1987: ThrillerHouse of Games
3.8%

You're not logged in!

Compare scores with friends on all Sporcle quizzes.
OR
Log In

You Might Also Like...

Show Comments

Extras

Top Quizzes Today


Score Distribution

Your Account Isn't Verified!

In order to create a playlist on Sporcle, you need to verify the email address you used during registration. Go to your Sporcle Settings to finish the process.

Report this User

Report this user for behavior that violates our Community Guidelines.

Details: